| 000 | 01085nam a22003257a 4500 | ||
|---|---|---|---|
| 001 | BR9403224 | ||
| 003 | BR-BrBNA | ||
| 005 | 20230928094209.0 | ||
| 007 | ta | ||
| 008 | 230509b bl.||||| |||| 00| 0 por d | ||
| 040 |
_aBR-BrBNA _bpor _cBiblioteca Nacional de Agricultura |
||
| 041 | _a(Por) | ||
| 072 |
_aL73 _b5250 _b4150 |
||
| 090 | _ 5250 BR9403224 | ||
| 100 | 1 | _aAssis, A.P.M.V de | |
| 110 | 1 |
_aUniversidade Federal de Minas Gerais, Belo Horizonte, (Brasil). Escola de Veterinaria _0Tese (Mestrado) |
|
| 245 | 1 | _aEvidencia sorologica da ocorrencia de lentivirus (Maedi visna/Artrite encefalite caprina)em rebanhos nos Estados de Minas Gerais, Rio de Janeiro, Bahia e Ceara de 1991 a 1993 | |
| 260 | 3 |
_aBelo Horizonte, MG (Brasil): _c1994. |
|
| 300 | _a62 p. | ||
| 500 | _aBibliography p. 55-62 (54 ref.); Summaries (Eng, Por); 5 tables | ||
| 650 | _aCaprino | ||
| 650 | _aArtrite | ||
| 650 | _aEncefalite | ||
| 650 | _aMinas Gerais | ||
| 650 | _aBahia | ||
| 650 | _aRio de Janeiro | ||
| 650 | _aCeara | ||
| 909 |
_a202309 _bLucia _c55 _dLucia Elande |
||
| 942 | _cBK | ||
| 999 |
_c49337 _d49337 |
||